[Event "Rated Blitz game"]
[Site "?"]
[Date "2021.11.25"]
[Round "?"]
[White "Maksym647"]
[Black "JHuNNx76"]
[Result "1-0"]
[WhiteElo "2411"]
[BlackElo "2395"]
[PlyCount "113"]
[EventDate "2021.??.??"]
[EventType "blitz"]

1. e4 e5 2. Nf3 d5 3. d3 dxe4 4. dxe4 Qxd1+ 5. Kxd1 Nc6 6. Bb5 Bd7 7. Nc3 O-O-O
8. Be3 f6 9. Ke2 Bb4 10. Nd5 Ba5 11. Rhd1 Nge7 12. Nxe7+ Nxe7 13. Bxd7+ Rxd7
14. Rxd7 Kxd7 15. Rd1+ Kc8 16. a3 Bb6 17. Bxb6 axb6 18. Nd2 Rd8 19. Nc4 Rxd1
20. Kxd1 Kd7 21. Kd2 Ke6 22. Ne3 g6 23. f3 f5 24. exf5+ gxf5 25. Kd3 h5 26. c3
f4 27. Nc4 Kd5 28. Nd2 Nf5 29. Ne4 Ke6 30. g3 fxg3 31. hxg3 h4 32. gxh4 Nxh4
33. Ke2 Kf5 34. Ke3 Ng2+ 35. Kf2 Nf4 36. Ng3+ Ke6 37. Ke3 Nd5+ 38. Ke4 Nf6+ 39.
Kd3 Nd5 40. c4 Nf4+ 41. Ke4 Ng6 42. Nf5 c6 43. Ne3 Nh4 44. Ng4 Ng6 45. b4 Kd6
46. Kf5 Nh4+ 47. Ke4 Ng6 48. Ne3 Ke6 49. Nf5 Nf4 50. Ng7+ Kf6 51. Ne8+ Ke6 52.
Nc7+ Kd6 53. Na8 Kd7 54. Nxb6+ Kc7 55. c5 Ng6 56. Nc4 Kd7 57. Nxe5+ {Time
forfeit} 1-0

[Event "Rated Blitz game"]
[Site "?"]
[Date "2021.11.25"]
[Round "?"]
[White "Nadigraj"]
[Black "Blitzdwarf"]
[Result "0-1"]
[WhiteElo "2758"]
[BlackElo "2767"]
[PlyCount "66"]
[EventDate "2021.??.??"]
[EventType "blitz"]

1. e4 e5 2. Nf3 d5 3. exd5 e4 4. Qe2 Nf6 5. Nc3 Be7 6. Nxe4 O-O 7. d6 Bxd6 8.
Nxd6 cxd6 9. d3 Re8 10. Be3 Nc6 11. c3 Bf5 12. Qd2 d5 13. O-O-O Ng4 14. Nd4 Qa5
15. Nxf5 Qxa2 16. Qc2 g6 17. Nh6+ Nxh6 18. Bxh6 Na5 19. Qb1 Nb3+ 20. Kc2 Qa4
21. d4 Rac8 22. Be3 Nxd4+ 23. Kd2 Nb3+ 24. Ke1 d4 25. cxd4 Qb4+ 26. Ke2 Nxd4+
27. Rxd4 Qxd4 28. Qd3 Qg4+ 29. f3 Qb4 30. Kf2 Qxb2+ 31. Be2 Rc3 32. Bd4 Rxe2+
33. Qxe2 Rxf3+ {Time forfeit} 0-1

[Event "Rated Blitz game"]
[Site "?"]
[Date "2021.11.25"]
[Round "?"]
[White "Moscow_Optimist"]
[Black "Annali-annaliew1979"]
[Result "0-1"]
[WhiteElo "2372"]
[BlackElo "2452"]
[PlyCount "34"]
[EventDate "2021.??.??"]
[EventType "blitz"]

1. e4 e5 2. Nf3 d5 3. Nxe5 Qe7 4. d4 f6 5. Nd3 Nc6 6. Be3 dxe4 7. Nc5 f5 8. Bb5
a6 9. Bxc6+ bxc6 10. c3 Qf7 11. g3 Bxc5 12. dxc5 Nf6 13. Nd2 O-O 14. O-O Be6
15. Qa4 Nd5 16. Nb3 f4 17. gxf4 Bh3 {Normal} 0-1

[Event "Rated Blitz game"]
[Site "?"]
[Date "2021.11.25"]
[Round "?"]
[White "DIKISANA"]
[Black "Annali-annaliew1979"]
[Result "1/2-1/2"]
[WhiteElo "2371"]
[BlackElo "2452"]
[PlyCount "128"]
[EventDate "2021.??.??"]
[EventType "blitz"]

1. e4 e5 2. Nf3 d5 3. exd5 e4 4. Qe2 f5 5. d3 Nf6 6. dxe4 fxe4 7. Nc3 Be7 8.
Nd4 O-O 9. Be3 c5 10. dxc6 Nxc6 11. O-O-O Qa5 12. Nxc6 bxc6 13. h3 Bb4 14. Qc4+
Kh8 15. Bd4 Bf5 16. a3 Bxa3 17. Qa4 Bb4 18. Qxa5 Bxa5 19. Bc4 Rad8 20. Bxa7
Bxc3 21. bxc3 Nd5 22. Bd4 Bg6 23. Rde1 Ra8 24. Kd2 Rfd8 25. Ke2 Ra3 26. Ra1
Nxc3+ 27. Ke3 Nd1+ 28. Ke2 Rxa1 29. Bxa1 e3 30. Rxd1 Rxd1 31. Kxd1 exf2 32. Bd4
Be4 33. Bxf2 Bxg2 34. h4 h6 35. Be3 Kh7 36. Bd3+ Kg8 37. Ke2 Kf7 38. Kf2 Bd5
39. Kg3 Kf6 40. Bd4+ Kf7 41. Kf4 g5+ 42. hxg5 hxg5+ 43. Kxg5 Ke6 44. Kf4 Kd6
45. Be4 Bc4 46. Ke3 c5 47. Bg7 Kc7 48. Kf4 Kb6 49. Ke5 Bf7 50. Kd6 c4 51. c3
Kb5 52. Bd5 Bg6 53. Bd4 Be8 54. Bc5 Bg6 55. Bb4 Be8 56. Bc6+ Bxc6 57. Ke5 Be8
58. Kd4 Bf7 59. Ke5 Ka4 60. Kd4 Kb3 61. Ke5 Bg8 62. Kd4 Bf7 63. Ke5 Bg8 64. Kd4
Bf7 {Normal} 1/2-1/2

[Event "Rated Blitz tournament nzdVFijV"]
[Site "?"]
[Date "2021.11.25"]
[Round "?"]
[White "DmitriyBiryuk777"]
[Black "Maltinho"]
[Result "1-0"]
[WhiteElo "2622"]
[BlackElo "2619"]
[PlyCount "33"]
[EventDate "2021.??.??"]
[EventType "blitz"]

1. e4 e5 2. Nf3 d5 3. exd5 Bd6 4. Nc3 Nf6 5. d4 e4 6. Ne5 O-O 7. Bg5 Re8 8. Bb5
c6 9. dxc6 bxc6 10. Nxc6 Nxc6 11. Bxc6 Bg4 12. Qxg4 Nxg4 13. Bxd8 Rexd8 14.
Bxa8 Rxa8 15. h3 Nf6 16. O-O-O Bb4 17. Rhe1 {Normal} 1-0

[Event "Rated Blitz game"]
[Site "?"]
[Date "2021.11.25"]
[Round "?"]
[White "Avempac3"]
[Black "StoqnOrlinovStoqnov"]
[Result "0-1"]
[WhiteElo "2539"]
[BlackElo "2603"]
[PlyCount "68"]
[EventDate "2021.??.??"]
[EventType "blitz"]

1. e4 e5 2. Nf3 d5 3. Nc3 dxe4 4. Nxe4 f5 5. Ng3 e4 6. Ng1 Nf6 7. Bc4 Qd4 8.
Bb3 Bc5 9. Qe2 f4 10. c3 Qd3 11. Nf1 Ng4 12. Nh3 Qxe2+ 13. Kxe2 f3+ 14. gxf3
exf3+ 15. Kxf3 Ne5+ 16. Kg2 Ng6 17. d4 Bd6 18. f4 Nc6 19. Ng5 Bxf4 20. Bf7+ Ke7
21. Bxf4 Nxf4+ 22. Kf3 h6 23. Re1+ Kf6 24. Ne4+ Kxf7 25. Kxf4 Be6 26. Nc5 Bxa2
27. Ne3 b6 28. Nd7 Be6 29. Ne5+ Nxe5 30. dxe5 Rad8 31. Re2 Ke7 32. Rg1 Rhf8+
33. Ke4 g5 34. c4 Rf4# {Normal} 0-1

[Event "Rated Blitz game"]
[Site "?"]
[Date "2021.11.25"]
[Round "?"]
[White "Nadigraj"]
[Black "RiskyBlitzer"]
[Result "1-0"]
[WhiteElo "2751"]
[BlackElo "2542"]
[PlyCount "117"]
[EventDate "2021.??.??"]
[EventType "blitz"]

1. e4 e5 2. Nf3 d5 3. exd5 e4 4. Qe2 Qe7 5. Nd4 Nf6 6. Nc3 Qe5 7. Nf3 Qh5 8.
Nxe4 Nxe4 9. Qxe4+ Be7 10. Be2 Nd7 11. Nd4 Nf6 12. Qxe7+ Kxe7 13. Bxh5 Nxh5 14.
d3 Rd8 15. Be3 Rxd5 16. O-O-O Kf8 17. Rhe1 Bd7 18. h3 a5 19. c4 Re5 20. g4 Nf6
21. Bf4 Rxe1 22. Rxe1 Rc8 23. b3 a4 24. b4 h6 25. Kb2 b6 26. b5 c6 27. bxc6
Bxc6 28. Nxc6 Rxc6 29. Ka3 Nd7 30. Kb4 Nc5 31. Rd1 Ne6 32. Be3 a3 33. Kxa3 Rc8
34. Kb4 Ra8 35. a4 Rb8 36. d4 Ke7 37. d5 Nd8 38. Kb5 Nb7 39. Bf4 Nd6+ 40. Bxd6+
Kxd6 41. Re1 g6 42. h4 Rc8 43. Re4 Ra8 44. g5 hxg5 45. hxg5 Kd7 46. Rf4 Ke7 47.
Rf6 Ra5+ 48. Kb4 Ra6 49. f4 Ke8 50. Rc6 Kd7 51. Rf6 Ke7 52. Kb5 Ra5+ 53. Kxb6
Rxa4 54. Kc5 Ra2 55. d6+ Kd7 56. Rxf7+ Ke8 57. Rf6 Ra5+ 58. Kd4 Ra6 59. c5 {
Normal} 1-0

[Event "Rated Blitz game"]
[Site "?"]
[Date "2021.11.25"]
[Round "?"]
[White "HelloLarisa"]
[Black "KamranShirazi"]
[Result "1-0"]
[WhiteElo "2558"]
[BlackElo "2589"]
[PlyCount "121"]
[EventDate "2021.??.??"]
[EventType "blitz"]

1. e4 e5 2. Nf3 d5 3. Nxe5 Bd6 4. d4 dxe4 5. Bc4 Bxe5 6. dxe5 Qxd1+ 7. Kxd1
Bg4+ 8. Ke1 Nc6 9. Bf4 O-O-O 10. Na3 Be6 11. Ke2 Nd4+ 12. Ke3 Bxc4 13. Nxc4
Nxc2+ 14. Kxe4 Nxa1 15. Rxa1 f5+ 16. Kxf5 Rd4 17. Rc1 Nh6+ 18. Bxh6 Rf8+ 19.
Ke6 gxh6 20. f3 Kd8 21. b3 b6 22. Rc2 Ke8 23. Rd2 Rxd2 24. Nxd2 Rf7 25. Ne4
Re7+ 26. Kf5 Kf7 27. f4 Rd7 28. e6+ Ke7 29. exd7 Kxd7 30. Ke5 c5 31. Kd5 Ke7
32. g4 h5 33. gxh5 Kf7 34. f5 Ke7 35. h6 Kd7 36. h4 Ke7 37. h5 Kd7 38. Kc4 Ke7
39. Kb5 Kd7 40. f6 Kc7 41. Ka6 Kc6 42. Kxa7 c4 43. bxc4 b5 44. cxb5+ Kxb5 45.
f7 Kb4 46. f8=Q+ Ka4 47. Qg7 Ka3 48. Qxh7 Kxa2 49. Qg7 Kb3 50. h7 Kc4 51. h8=Q
Kd5 52. Qe5+ Kc4 53. Qc8+ Kd3 54. Qd5+ Ke2 55. Qc2+ Kf3 56. Qdd3+ Kf4 57. Qcd2+
Ke5 58. Nc3 Kf6 59. Qf2+ Kg5 60. Qfg3+ Kh6 61. Qdg6# {Normal} 1-0

[Event "Rated Blitz game"]
[Site "?"]
[Date "2021.11.25"]
[Round "?"]
[White "Elmarmalade"]
[Black "Lasker-on-speed"]
[Result "1-0"]
[WhiteElo "2649"]
[BlackElo "2447"]
[PlyCount "61"]
[EventDate "2021.??.??"]
[EventType "blitz"]

1. e4 e5 2. Nf3 d5 3. exd5 Bd6 4. d4 e4 5. Ne5 Nf6 6. c4 c5 7. dxc6 Nxc6 8.
Nxc6 bxc6 9. Be2 O-O 10. Nc3 Re8 11. Be3 Rb8 12. Rb1 Bc7 13. h3 Qd6 14. a3 a5
15. Qc2 Bf5 16. Rd1 h6 17. Rd2 Bg6 18. Kd1 Nd7 19. c5 Qe6 20. d5 cxd5 21. Nxd5
Be5 22. b3 Rec8 23. Qc4 Bd6 24. Bg4 Bf5 25. Bxf5 Qxf5 26. cxd6 Rxc4 27. Ne7+
Kf8 28. Nxf5 Rc3 29. Ke2 Rbxb3 30. Nd4 Rxa3 31. Nb5 {Normal} 1-0

[Event "Rated Blitz tournament fHw6zaew"]
[Site "?"]
[Date "2021.11.25"]
[Round "?"]
[White "josefghng"]
[Black "Schachelite"]
[Result "0-1"]
[WhiteElo "2513"]
[BlackElo "2476"]
[PlyCount "90"]
[EventDate "2021.??.??"]
[EventType "blitz"]

1. e4 e5 2. Nf3 d5 3. Nxe5 Bd6 4. d4 dxe4 5. Nc3 Nf6 6. Bg5 O-O 7. Bc4 Bf5 8.
O-O Be7 9. Re1 Nbd7 10. Nxd7 Qxd7 11. Bxf6 Bxf6 12. Nd5 Bd8 13. c3 c6 14. Ne3
Bg6 15. a4 Kh8 16. d5 f5 17. dxc6 Qxc6 18. Bb5 Qc5 19. Qd5 Bb6 20. Qxc5 Bxc5
21. Nd5 f4 22. Nc7 e3 23. f3 a6 24. Be2 Rac8 25. Ne6 Rfe8 26. Nxf4 Bc2 27. h4
Rcd8 28. b4 Ba7 29. b5 Rd2 30. bxa6 bxa6 31. Bxa6 Bb8 32. Ne2 Re6 33. Bb5 Rh6
34. g3 Be5 35. f4 Bf6 36. a5 Rg6 37. a6 Be4 38. Kh2 Bxc3 39. a7 Bxa1 40. Rxa1
Ba8 41. Kh3 h5 42. Rc1 Rb6 43. Rc8+ Kh7 44. Bc4 Bf3 45. Ng1 Bg4# {Normal} 0-1

[Event "Rated Blitz tournament nzdVFijV"]
[Site "?"]
[Date "2021.11.25"]
[Round "?"]
[White "Agontuk"]
[Black "Maltinho"]
[Result "0-1"]
[WhiteElo "2591"]
[BlackElo "2619"]
[PlyCount "82"]
[EventDate "2021.??.??"]
[EventType "blitz"]

1. e4 e5 2. Nf3 d5 3. d3 Bd6 4. exd5 f5 5. c4 Nf6 6. Nc3 O-O 7. Be2 c5 8. O-O
a6 9. a3 h6 10. Rb1 e4 11. dxe4 fxe4 12. Nd2 Bf5 13. Re1 Nbd7 14. Nf1 Ne5 15.
Ng3 Bh7 16. Bf1 Neg4 17. Ncxe4 Nxe4 18. Qxg4 Nxf2 19. Qe6+ Kh8 20. Be3 Bxg3 21.
hxg3 Bf5 22. Qe5 Ng4 23. Qc3 Nxe3 24. Qxe3 Bxb1 25. Rxb1 Qd6 26. Re1 Rad8 27.
Bd3 b5 28. Qe4 g6 29. Qh4 h5 30. Qg5 Rd7 31. Re6 Qc7 32. Qh6+ Kg8 33. Bxg6 Rg7
34. Kh2 h4 35. Qxh4 bxc4 36. d6 Qd7 37. Re7 Qxd6 38. Rxg7+ Kxg7 39. Qh7+ Kf6
40. Be4 Qe6 41. Qf5+ Qxf5 {Normal} 0-1

[Event "Rated Blitz game"]
[Site "?"]
[Date "2021.11.25"]
[Round "?"]
[White "HelloLarisa"]
[Black "KamranShirazi"]
[Result "0-1"]
[WhiteElo "2566"]
[BlackElo "2581"]
[PlyCount "134"]
[EventDate "2021.??.??"]
[EventType "blitz"]

1. e4 e5 2. Nf3 d5 3. d3 dxe4 4. dxe4 Qxd1+ 5. Kxd1 Nc6 6. c3 Bg4 7. Kc2 O-O-O
8. Bb5 Nge7 9. Be3 f5 10. Ng5 f4 11. Bc1 f3 12. gxf3 Bh5 13. Nd2 a6 14. Bc4 Na5
15. Be6+ Kb8 16. b4 Nac6 17. Bg4 Bg6 18. h4 h6 19. Ne6 Rd6 20. Nc4 Rxe6 21.
Bxe6 Nc8 22. h5 Bh7 23. Rg1 Nd8 24. Bh3 Nf7 25. Be6 Nd8 26. Bxc8 Kxc8 27. Nxe5
Be7 28. Ng6 Re8 29. Nxe7+ Rxe7 30. Be3 Ne6 31. Rad1 b6 32. Rd5 Nd8 33. Bd4 Ne6
34. Re5 Kd7 35. Kb2 c5 36. bxc5 bxc5 37. Bxc5 Rf7 38. Rd5+ Kc7 39. Rgd1 Nxc5
40. Rxc5+ Kb6 41. Re5 Rxf3 42. Rd6+ Kc7 43. Rxa6 Rxf2+ 44. Ka3 Bg8 45. Ra7+ Kb8
46. Rea5 Rxa2+ 47. Kb4 Rb2+ 48. Kc5 Be6 49. Ra8+ Kc7 50. R5a7+ Rb7 51. Rxb7+
Kxb7 52. Rf8 Bg4 53. Rf4 Bxh5 54. e5 Bf7 55. e6 Bxe6 56. c4 g5 57. Rd4 Kc7 58.
Re4 Bc8 59. Re5 g4 60. Rh5 g3 61. Rxh6 g2 62. Rh7+ Kb8 63. Rg7 Bb7 64. Rg8+ Ka7
65. Kb5 Be4 66. Rg7+ Kb8 67. c5 Kc8 {Time forfeit} 0-1

[Event "Rated Blitz game"]
[Site "?"]
[Date "2021.11.25"]
[Round "?"]
[White "Mazhitel_shek"]
[Black "Nepsuliini"]
[Result "1-0"]
[WhiteElo "2463"]
[BlackElo "2461"]
[PlyCount "29"]
[EventDate "2021.??.??"]
[EventType "blitz"]

1. e4 e5 2. Nf3 d5 3. d4 dxe4 4. Nxe5 Nd7 5. Nxd7 Bxd7 6. Bc4 Nf6 7. O-O Bd6 8.
Nc3 h6 9. f3 exf3 10. Qxf3 O-O 11. Bxh6 Bxh2+ 12. Kh1 gxh6 13. Qxf6 Qxf6 14.
Rxf6 Kg7 15. Raf1 {Normal} 1-0

[Event "Rated Blitz game"]
[Site "?"]
[Date "2021.11.25"]
[Round "?"]
[White "mrkica1964"]
[Black "Nepsuliini"]
[Result "1-0"]
[WhiteElo "2546"]
[BlackElo "2440"]
[PlyCount "41"]
[EventDate "2021.??.??"]
[EventType "blitz"]

1. e4 e5 2. Nf3 d5 3. exd5 Bd6 4. c4 Nf6 5. d3 c6 6. dxc6 Nxc6 7. Be2 O-O 8.
Nc3 Bf5 9. O-O Qd7 10. Be3 Rad8 11. a3 Bb8 12. Bg5 Bxd3 13. Bxf6 Bxe2 14. Qxe2
gxf6 15. Nd5 Qe6 16. Rae1 f5 17. b4 e4 18. Nh4 Qh6 19. g3 Qg5 20. f4 Qg4 21.
Nf6+ {Normal} 1-0

[Event "Rated Blitz game"]
[Site "?"]
[Date "2021.11.25"]
[Round "?"]
[White "yykaakoo"]
[Black "Lobo19"]
[Result "1-0"]
[WhiteElo "2548"]
[BlackElo "2461"]
[PlyCount "69"]
[EventDate "2021.??.??"]
[EventType "blitz"]

1. e4 e5 2. Nf3 d5 3. Nxe5 dxe4 4. Bc4 Qg5 5. Nxf7 Qxg2 6. Rf1 Nc6 7. Qh5 g6 8.
Qd5 Nf6 9. Nd6+ cxd6 10. Qf7+ Kd8 11. Qxf6+ Kc7 12. Qxh8 Ne5 13. Qxf8 Nxc4 14.
Qf7+ Kd8 15. Qxc4 Bg4 16. Qg8+ Kc7 17. Qxa8 Bh3 18. d3 Qxf1+ 19. Kd2 Qxf2+ 20.
Kc3 Qc5+ 21. Kb3 Qb5+ 22. Ka3 Qa5+ 23. Kb3 Qb5+ 24. Kc3 Qc5+ 25. Kb3 exd3 26.
Qe8 Be6+ 27. Qxe6 Qxc2+ 28. Ka3 Qc5+ 29. b4 Qxc1+ 30. Ka4 Qc2+ 31. Qb3 Qc6+ 32.
Ka3 Qa6+ 33. Kb2 Qb5 34. Nc3 Qf5 35. Rd1 {Time forfeit} 1-0

[Event "Rated Blitz game"]
[Site "?"]
[Date "2021.11.24"]
[Round "?"]
[White "mared2"]
[Black "Bakiuzumaki"]
[Result "1-0"]
[WhiteElo "2429"]
[BlackElo "2312"]
[PlyCount "99"]
[EventDate "2021.??.??"]
[EventType "blitz"]

1. e4 e5 2. Nf3 d5 3. exd5 Bd6 4. c4 f5 5. d3 Nf6 6. Nc3 O-O 7. Bg5 h6 8. Bxf6
Qxf6 9. Be2 Nd7 10. O-O g5 11. a3 g4 12. Nd2 a5 13. Rb1 h5 14. Qc1 h4 15. b4
axb4 16. axb4 b6 17. f3 g3 18. h3 Qe7 19. Qb2 Qg5 20. f4 exf4 21. Nf3 Qf6 22.
Nb5 Ne5 23. Nxd6 cxd6 24. d4 Nxf3+ 25. Rxf3 Bd7 26. Rxf4 Qg5 27. Rbf1 Rfe8 28.
Bd3 Re3 29. Bxf5 Bxf5 30. Rxf5 Qxf5 31. Rxf5 Rf8 32. Rxf8+ Kxf8 33. Qd2 Ra3 34.
Kf1 Ra1+ 35. Ke2 Rg1 36. Kf3 Rf1+ 37. Kg4 Rf2 38. Qh6+ Ke7 39. Qxh4+ Kd7 40.
Qxg3 Rb2 41. b5 Kc7 42. Kf5 Re2 43. Qg7+ Kd8 44. g4 Re7 45. Qf6 Kd7 46. g5 Ke8
47. Qxd6 Rf7+ 48. Kg6 Re7 49. Qb8+ Kd7 50. Qxb6 {Time forfeit} 1-0

[Event "Rated Blitz game"]
[Site "?"]
[Date "2021.11.24"]
[Round "?"]
[White "PSVTLJB"]
[Black "ChicksSilogs"]
[Result "1-0"]
[WhiteElo "2533"]
[BlackElo "2520"]
[PlyCount "113"]
[EventDate "2021.??.??"]
[EventType "blitz"]

1. e4 e5 2. Nf3 d5 3. Nxe5 Bd6 4. d4 dxe4 5. Nc4 Nf6 6. Nc3 O-O 7. Be2 Nc6 8.
Nxd6 Qxd6 9. Be3 Bf5 10. g4 Be6 11. g5 Nd5 12. Nxe4 Qb4+ 13. c3 Nxe3 14. fxe3
Qxb2 15. Qc1 Qxc1+ 16. Rxc1 Rfe8 17. Nc5 Bd5 18. Rf1 b6 19. Na6 Rxe3 20. Nxc7
Rd8 21. Nxd5 Rxd5 22. Kd2 Re8 23. Bf3 Rd6 24. Rfe1 Red8 25. Bxc6 Rxc6 26. Re7
a5 27. Rce1 Kf8 28. Rb7 Re8 29. Rxe8+ Kxe8 30. d5 Rc5 31. h4 Rxd5+ 32. Ke3 Rd6
33. Ke4 h6 34. Ke5 Re6+ 35. Kd5 hxg5 36. hxg5 Rg6 37. Kc4 Rxg5 38. Rxb6 Re5 39.
Kd4 f6 40. c4 Kf7 41. c5 Re1 42. c6 Rc1 43. Rb7+ Kg6 44. Kd5 Kh6 45. c7 g5 46.
Ke6 Kg6 47. Kd7 g4 48. c8=Q Rxc8 49. Kxc8 f5 50. Kd7 f4 51. Ke6 f3 52. Rb5 g3
53. Rf5 f2 54. Rf8 Kg7 55. Rf7+ Kg8 56. Rf3 g2 57. Rg3+ {Time forfeit} 1-0

[Event "Rated Blitz game"]
[Site "?"]
[Date "2021.11.24"]
[Round "?"]
[White "Miesov"]
[Black "akramelgohary"]
[Result "0-1"]
[WhiteElo "2435"]
[BlackElo "2384"]
[PlyCount "44"]
[EventDate "2021.??.??"]
[EventType "blitz"]

1. e4 e5 2. Nf3 d5 3. d4 dxe4 4. Nxe5 Bd6 5. Bc4 Bxe5 6. Qh5 Qe7 7. Qxe5 Qxe5
8. dxe5 Nc6 9. Nc3 Bf5 10. Bf4 Rd8 11. O-O Nge7 12. Nb5 O-O 13. Nxc7 Ng6 14.
Bg5 Rd7 15. Nd5 h6 16. Be3 Ngxe5 17. Bb3 Be6 18. Rad1 Rfd8 19. c4 b5 20. Bf4
bxc4 21. Bxe5 Nxe5 22. Ba4 Rxd5 {Normal} 0-1

[Event "Rated Blitz game"]
[Site "?"]
[Date "2021.11.24"]
[Round "?"]
[White "doreality"]
[Black "Erow"]
[Result "1-0"]
[WhiteElo "2769"]
[BlackElo "2717"]
[PlyCount "87"]
[EventDate "2021.??.??"]
[EventType "blitz"]

1. e4 e5 2. Nf3 d5 3. d3 dxe4 4. dxe4 Qxd1+ 5. Kxd1 Nc6 6. Bb5 Bg4 7. Bxc6+
bxc6 8. Be3 O-O-O+ 9. Nbd2 Bxf3+ 10. gxf3 Nf6 11. Ke2 Nh5 12. Nc4 f6 13. Rad1
Be7 14. Rxd8+ Rxd8 15. Rd1 Rxd1 16. Kxd1 a6 17. Kd2 Kd7 18. Kc3 Ke6 19. Kb3 Nf4
20. Bxf4 exf4 21. Ka4 Bc5 22. Ka5 g5 23. Kxa6 Bxf2 24. Kb7 h5 25. h3 Bb6 26.
Kxc6 f5 27. exf5+ Kxf5 28. b4 g4 29. fxg4+ hxg4 30. hxg4+ Kxg4 31. a4 Bd4 32.
Kd5 Ba7 33. Ke4 Kg3 34. Ne5 c6 35. c4 Bb8 36. Nf3 c5 37. bxc5 Bc7 38. c6 Ba5
39. c5 Bc7 40. Nd4 Kg4 41. Ne6 f3 42. Nxc7 f2 43. Nd5 f1=Q 44. Ne3+ {Normal}
1-0

[Event "Rated Blitz game"]
[Site "?"]
[Date "2021.11.24"]
[Round "?"]
[White "Edyldrian"]
[Black "Yasantha"]
[Result "1-0"]
[WhiteElo "2563"]
[BlackElo "2307"]
[PlyCount "57"]
[EventDate "2021.??.??"]
[EventType "blitz"]

1. e4 e5 2. Nf3 d5 3. d3 Bd6 4. exd5 Nf6 5. Nc3 c6 6. dxc6 Nxc6 7. g3 O-O 8.
Bg2 Re8 9. O-O e4 10. Nxe4 Nxe4 11. dxe4 Rxe4 12. c3 Qc7 13. Nd4 Re8 14. Nb5
Qb6 15. Nxd6 Rd8 16. Nxc8 Rxd1 17. Nxb6 Rxf1+ 18. Kxf1 axb6 19. Bxc6 bxc6 20.
Be3 c5 21. a3 g6 22. Rd1 f5 23. Rd7 Kf8 24. Rb7 Ke8 25. Rxb6 c4 26. Rb7 Ra6 27.
Rxh7 Rc6 28. Rb7 Rc7 29. Rxc7 {Normal} 1-0

[Event "Rated Blitz game"]
[Site "?"]
[Date "2021.11.24"]
[Round "?"]
[White "clinclincaja"]
[Black "elcabusin"]
[Result "1-0"]
[WhiteElo "2718"]
[BlackElo "2603"]
[PlyCount "56"]
[EventDate "2021.??.??"]
[EventType "blitz"]

1. e4 e5 2. Nf3 d5 3. d3 dxe4 4. dxe4 Qxd1+ 5. Kxd1 Nc6 6. c3 Bg4 7. Be2 Nf6 8.
Nbd2 O-O-O 9. Kc2 Bc5 10. Rf1 Bh5 11. h3 Bg6 12. Bd3 Nd7 13. b4 Bd6 14. a3 h6
15. Nc4 Be7 16. Be3 a6 17. Rfb1 b5 18. Ncd2 Nb6 19. Bxb6 cxb6 20. a4 bxa4 21.
Bxa6+ Kc7 22. Rxa4 Ra8 23. Bb5 Rxa4 24. Bxa4 Rc8 25. Bxc6 Kxc6 26. Nxe5+ Kd6
27. Nxg6 fxg6 28. Kd3 Ke5 {Normal} 1-0

[Event "Rated Blitz game"]
[Site "?"]
[Date "2021.11.24"]
[Round "?"]
[White "Dean__Winchester"]
[Black "KamranShirazi"]
[Result "0-1"]
[WhiteElo "2502"]
[BlackElo "2536"]
[PlyCount "92"]
[EventDate "2021.??.??"]
[EventType "blitz"]

1. e4 e5 2. Nf3 d5 3. Nxe5 Bd6 4. d4 dxe4 5. Be2 Bxe5 6. dxe5 Qxd1+ 7. Bxd1 Nc6
8. Nc3 Bf5 9. Bf4 O-O-O 10. O-O Nge7 11. Re1 Ng6 12. Bg3 h5 13. h3 h4 14. Bh2
Rd4 15. f3 Ncxe5 16. fxe4 Be6 17. Be2 Rd2 18. Nd5 Rxc2 19. Rac1 Rxc1 20. Rxc1
c6 21. Nc3 Rd8 22. Rd1 Rxd1+ 23. Bxd1 Nd3 24. b3 a5 25. Be2 Nde5 26. Kf2 b5 27.
Ke3 Kd7 28. Kd4 f6 29. Nd1 Kd6 30. Kc3 b4+ 31. Kd2 c5 32. Nb2 Kc6 33. Ke3 Nd7
34. Bg1 Nge5 35. Kd2 g5 36. Bf1 Nb6 37. Be2 c4 38. bxc4 Nbxc4+ 39. Nxc4 Bxc4
40. Bd4 Bxa2 41. Bg4 Kd6 42. Kc2 a4 43. Kb2 Be6 44. Ba7 a3+ 45. Kc2 Bxg4 46.
hxg4 Nxg4 {Normal} 0-1

[Event "Rated Blitz game"]
[Site "?"]
[Date "2021.11.24"]
[Round "?"]
[White "carlodoctolero"]
[Black "HappyCamperX"]
[Result "1-0"]
[WhiteElo "2434"]
[BlackElo "2452"]
[PlyCount "25"]
[EventDate "2021.??.??"]
[EventType "blitz"]

1. e4 e5 2. Nf3 d5 3. exd5 e4 4. Ne5 Qxd5 5. d4 exd3 6. Nxd3 Nf6 7. Nc3 Qa5 8.
Be2 Bd6 9. O-O O-O 10. Bf4 Rd8 11. Bxd6 Rxd6 12. Bf3 Bf5 13. Bxb7 {Normal} 1-0

[Event "Rated Blitz game"]
[Site "?"]
[Date "2021.11.24"]
[Round "?"]
[White "parwizQaderi"]
[Black "Bakiuzumaki"]
[Result "1-0"]
[WhiteElo "2422"]
[BlackElo "2321"]
[PlyCount "91"]
[EventDate "2021.??.??"]
[EventType "blitz"]

1. e4 e5 2. Nf3 d5 3. exd5 Bd6 4. Nc3 f5 5. Bb5+ Nd7 6. d3 Ngf6 7. O-O O-O 8.
Bg5 h6 9. Bd2 g5 10. Re1 Qe7 11. d4 e4 12. Ne5 Nxe5 13. dxe5 Qxe5 14. g3 f4 15.
Ne2 f3 16. Nc3 Qf5 17. Bf1 h5 18. Qc1 Nh7 19. Nxe4 h4 20. Nxd6 cxd6 21. c4 hxg3
22. hxg3 Bd7 23. Qb1 Qg4 24. Qe4 Bf5 25. Qxg4 Bxg4 26. Re7 Rae8 27. Rae1 Rxe7
28. Rxe7 Rf7 29. Rxf7 Kxf7 30. Bd3 Nf6 31. Bxg5 Nd7 32. b4 Ne5 33. Bf1 Kg6 34.
Bf4 Nf7 35. c5 dxc5 36. bxc5 Kf6 37. Bd3 Ke7 38. Kf1 a6 39. Ke1 Kd7 40. Kd2 Nd8
41. Ke3 Nf7 42. Be4 Nh8 43. a4 Nf7 44. a5 Nd8 45. Kd4 Nf7 46. Be5 {Normal} 1-0

[Event "Rated Blitz game"]
[Site "?"]
[Date "2021.11.24"]
[Round "?"]
[White "MuffinouBrownie"]
[Black "khalid_ontawar"]
[Result "1-0"]
[WhiteElo "2491"]
[BlackElo "2472"]
[PlyCount "101"]
[EventDate "2021.??.??"]
[EventType "blitz"]

1. e4 e5 2. Nf3 d5 3. d4 dxe4 4. Nxe5 Be6 5. Nc3 Nf6 6. Bg5 Be7 7. Bc4 Bxc4 8.
Nxc4 Nbd7 9. O-O O-O 10. Re1 h6 11. Bh4 c6 12. Bxf6 Nxf6 13. Nxe4 Nxe4 14. Rxe4
Bf6 15. c3 Qd5 16. Qe2 b5 17. Ne5 Rad8 18. b3 Rfe8 19. Re1 Bxe5 20. Rxe5 Rxe5
21. Qxe5 Qxe5 22. Rxe5 b4 23. cxb4 Rxd4 24. g3 Rxb4 25. Ra5 Rb7 26. Kf1 Kf8 27.
Ke2 Ke7 28. Kd3 Kd6 29. Kc4 Re7 30. f4 g6 31. Ra6 f5 32. b4 Rb7 33. a4 g5 34.
b5 Rc7 35. Kd4 gxf4 36. gxf4 h5 37. h4 Kd7 38. Rxc6 Rxc6 39. bxc6+ Kxc6 40. Ke5
Kc5 41. Kxf5 Kb4 42. Kg5 Kxa4 43. f5 Kb3 44. f6 a5 45. f7 a4 46. f8=Q a3 47.
Qf7+ Kb2 48. Kxh5 a2 49. Qf6+ Kb1 50. Kg4 a1=Q 51. Qxa1+ {Normal} 1-0

[Event "Rated Blitz game"]
[Site "?"]
[Date "2021.11.24"]
[Round "?"]
[White "WhiteBoader"]
[Black "gmluke"]
[Result "1-0"]
[WhiteElo "2636"]
[BlackElo "2750"]
[PlyCount "59"]
[EventDate "2021.??.??"]
[EventType "blitz"]

1. e4 e5 2. Nf3 d5 3. d4 dxe4 4. Nxe5 Nd7 5. Bf4 Nxe5 6. Bxe5 Nf6 7. Be2 Bd6 8.
Nc3 Qe7 9. Bxd6 cxd6 10. d5 O-O 11. Qd4 Bd7 12. O-O-O Rfe8 13. Rhe1 Qe5 14.
Qxe5 Rxe5 15. h3 h5 16. a4 a6 17. Kb1 Rae8 18. Rd4 h4 19. Rb4 Bc8 20. Rb6 Nd7
21. Rxd6 Kf8 22. Bg4 f5 23. Bh5 Rd8 24. f4 Re7 25. Bg6 e3 26. Bxf5 Rf7 27. Bg6
Rxf4 28. Rxe3 Rf6 29. Rde6 Rxe6 30. dxe6 {Normal} 1-0

[Event "Rated Blitz tournament bWflY3Zg"]
[Site "?"]
[Date "2021.11.24"]
[Round "?"]
[White "BaleevK"]
[Black "Accomplishment"]
[Result "1-0"]
[WhiteElo "2433"]
[BlackElo "2254"]
[PlyCount "71"]
[EventDate "2021.??.??"]
[EventType "blitz"]

1. e4 e5 2. Nf3 d5 3. Nxe5 Bd6 4. d4 dxe4 5. Nc4 Nf6 6. Bg5 Nc6 7. c3 O-O 8.
Be2 Bf5 9. Ne3 Bg6 10. Nd2 h6 11. Bh4 Be7 12. O-O Bh7 13. Qb3 g5 14. Bg3 Bg6
15. Qxb7 Qd7 16. Qxc7 Qxc7 17. Bxc7 Rac8 18. Bg3 Rfd8 19. h4 Nd5 20. Nxd5 Rxd5
21. hxg5 hxg5 22. Nc4 f5 23. f4 g4 24. Kf2 Rdd8 25. Rh1 Nxd4 26. cxd4 Rxd4 27.
Rhd1 Rdxc4 28. Bxc4+ Rxc4 29. Rac1 Rb4 30. b3 a5 31. Rd7 Kf8 32. Rc8+ Kf7 33.
Rcc7 e3+ 34. Ke2 Re4 35. Bh4 Kf8 36. Rxe7 {Normal} 1-0